[Event "Offene Bochumer StEM 2013"]
[Site "?"]
[Date "2013.05.16"]
[Round "3.4"]
[White "Boost, Jürgen"]
[Black "Berens, Thomas"]
[Result "1/2-1/2"]
[WhiteElo "1824"]
[BlackElo "1901"]
[PlyCount "51"]
[EventDate "2013.??.??"]
[WhiteTeam "SC Gerthe-Werne"]
[BlackTeam "SC Gerthe-Werne"]

1. e4 c5 2. Nf3 d6 3. d4 cxd4 4. Nxd4 Nf6 5. Nc3 a6 6. Be2 e5 7. Nb3 Be6 8. Bg5
Nbd7 9. Qd2 Be7 10. f3 Qc7 11. O-O b5 12. Be3 O-O 13. Kh1 Nb6 14. Bxb6 Qxb6 15.
a4 b4 16. Nd5 Nxd5 17. exd5 Bf5 18. Bd3 Bxd3 19. Qxd3 Rac8 20. Rae1 Bf6 21. Re4
Qc7 22. Rf2 a5 23. h4 Qd8 24. g3 g6 25. Kg2 Bg7 26. Rc4 1/2-1/2

[Event "Offene Bochumer StEM 2013"]
[Site "?"]
[Date "2013.05.16"]
[Round "3.5"]
[White "Hofer, Stefan"]
[Black "Schmidt, Ralph"]
[Result "0-1"]
[WhiteElo "1677"]
[BlackElo "1918"]
[PlyCount "80"]
[EventDate "2013.??.??"]
[WhiteTeam "SC Ruhr-Uni Bochum"]
[BlackTeam "SV Linden"]

1. Nf3 d5 2. g3 Nf6 3. Bg2 c5 4. c4 d4 5. d3 Nc6 6. Nbd2 Bg4 7. O-O Qd7 8. Ng5
Rc8 9. Nge4 Ne5 10. Nxf6+ exf6 11. Qb3 Rc7 12. Nf3 Bd6 13. Re1 O-O 14. Bd2 Bh3
15. Nxe5 fxe5 16. e4 Bxg2 17. Kxg2 f5 18. Qd1 f4 19. f3 h5 20. Rh1 g5 21. Qg1
g4 22. gxf4 exf4 23. Kf1 Kh8 24. Qf2 Qh7 25. Qh4 Be7 26. Qf2 Qg7 27. Rg1 Rc6
28. Ke2 Rg6 29. Kd1 g3 30. hxg3 fxg3 31. Qg2 Bd6 32. Kc2 Bf4 33. Rh1 Bxd2 34.
Kxd2 Rh6 35. Rag1 Qg5+ 36. Kc2 h4 37. Qh3 Rxf3 38. Qc8+ Kg7 39. Qxb7+ Rf7 40.
Qd5 Rf2+ 0-1

[Event "Offene Bochumer StEM 2013"]
[Site "?"]
[Date "2013.05.16"]
[Round "3.6"]
[White "Funke, Eckhard"]
[Black "Domnik, Roland"]
[Result "0-1"]
[WhiteElo "1890"]
[BlackElo "1715"]
[PlyCount "100"]
[EventDate "2013.??.??"]
[WhiteTeam "SG Höntrop"]
[BlackTeam "TuS Witten-Stockum"]

1. e4 c5 2. Nf3 Nc6 3. d4 cxd4 4. Nxd4 d6 5. Nc3 a6 6. Bc4 e6 7. O-O Nf6 8.
Nxc6 bxc6 9. e5 Nd5 10. exd6 Nxc3 11. bxc3 Bxd6 12. Qd4 Qc7 13. Qh4 Be5 14. Be3
Bxc3 15. Rab1 Bf6 16. Qe4 O-O 17. Bb6 Qe7 18. Bd3 g6 19. Qxc6 Bb7 20. Qc7 Rfc8
21. Qxe7 Bxe7 22. Ba5 Bd5 23. a4 Bc6 24. Bb4 Bf6 25. a5 Bd5 26. Rfd1 Ba2 27.
Ra1 Bxa1 28. Rxa1 Bd5 29. Bd2 Bc4 30. Be4 Rab8 31. Be3 f5 32. Bf3 Bb5 33. Bd1
e5 34. Bb6 Rc6 35. Rc1 Rbc8 36. h3 Bd3 37. c4 Bxc4 38. Ba4 Bb5 39. Bb3+ Kf8 40.
Rxc6 Rxc6 41. Bd5 Rc1+ 42. Kh2 Ke7 43. Bg8 h6 44. Be3 Ra1 45. Bc5+ Kf6 46. Bb6
f4 47. Bd5 Bd3 48. Bd8+ Kf5 49. g3 fxg3+ 50. Kxg3 Be4 0-1

[Event "Offene Bochumer StEM 2013"]
[Site "?"]
[Date "2013.05.16"]
[Round "3.7"]
[White "Klinke, Werner"]
[Black "Schumann, Burkhard"]
[Result "1/2-1/2"]
[WhiteElo "1859"]
[BlackElo "1677"]
[PlyCount "77"]
[EventDate "2013.??.??"]
[WhiteTeam "SV Eichlinghofen"]
[BlackTeam "SC Gerthe-Werne"]

1. Nf3 c5 2. e4 Nc6 3. Be2 g6 4. O-O Bg7 5. c3 Nf6 6. e5 Nd5 7. d4 cxd4 8. cxd4
O-O 9. Nc3 Nc7 10. Be3 d6 11. exd6 Qxd6 12. Qd2 Bf5 13. Nb5 Nxb5 14. Bxb5 Rad8
15. Bxc6 Qxc6 16. Qa5 b6 17. Qxa7 Rd7 18. Qa3 Ra8 19. Qc3 Qxc3 20. bxc3 e6 21.
a3 Rda7 22. Bc1 Bf8 23. Ne5 Bxa3 24. Bxa3 Rxa3 25. Rxa3 Rxa3 26. Rc1 f6 27. Nd7
b5 28. Nxf6+ Kg7 29. Ne8+ Kf8 30. Nd6 Bd3 31. f3 Ke7 32. Ne4 h6 33. Kf2 g5 34.
Ke3 Bc4 35. Rc2 b4 36. Nd2 Ba6 37. Nb1 Rb3 38. Nd2 Ra3 39. Ne4 1/2-1/2

[Event "Offene Bochumer StEM 2013"]
[Site "?"]
[Date "2013.05.16"]
[Round "3.8"]
[White "Sikorski, Thomas"]
[Black "Sondermann, Dirk"]
[Result "0-1"]
[WhiteElo "1629"]
[BlackElo "1829"]
[PlyCount "86"]
[EventDate "2013.??.??"]
[WhiteTeam "SK Herne-Sodingen"]
[BlackTeam "SU Annen"]

1. c4 c5 2. Nf3 g6 3. d4 cxd4 4. Qxd4 Nf6 5. e4 Nc6 6. Qe3 d6 7. Be2 Bg7 8. O-O
O-O 9. h3 Nd7 10. Rd1 Nc5 11. Nc3 Bxc3 12. bxc3 f6 13. Nd4 Bd7 14. Ba3 Qa5 15.
Nc2 Nb8 16. Bf3 Bc6 17. Bb4 Qa4 18. Nd4 Nbd7 19. Rd2 Qa6 20. Qe2 Rac8 21. Rad1
Ba4 22. Rb1 Ne5 23. Bxc5 dxc5 24. Nb5 Qa5 25. Bg4 Rc6 26. f4 Nxg4 27. Qxg4 a6
28. Na7 Qxc3 29. Nxc6 Bxc6 30. Qe6+ Rf7 31. Rd8+ Kg7 32. Rbd1 Qe3+ 33. Kh1 Qxf4
34. Re1 Qf2 35. Red1 Qxa2 36. Rh8 Qe2 37. Rxh7+ Kxh7 38. Qxf7+ Kh6 39. Qf8+ Kg5
40. Rg1 Qxe4 41. Qc8 f5 42. Qd8 Qe3 43. Rd1 Qxh3+ 0-1

[Event "Offene Bochumer StEM 2013"]
[Site "?"]
[Date "2013.05.16"]
[Round "3.9"]
[White "Jedner, Volker"]
[Black "Stein, Daniel"]
[Result "1-0"]
[WhiteElo "1809"]
[BlackElo "1600"]
[PlyCount "103"]
[EventDate "2013.??.??"]
[WhiteTeam "SG Höntrop"]
[BlackTeam "SC Ruhr-Uni Bochum"]

1. d4 e6 2. Nf3 Nf6 3. Bg5 h6 4. Bh4 c5 5. c3 cxd4 6. Nxd4 e5 7. Nb3 Nc6 8. e3
d5 9. N1d2 Be6 10. e4 g5 11. exd5 Bxd5 12. Bg3 Bg7 13. Qc2 Nh5 14. O-O-O Nxg3
15. hxg3 Qf6 16. Nc5 O-O-O 17. f3 Qe7 18. Ndb3 Be6 19. Bd3 Kb8 20. Be4 Bxb3 21.
Nxb3 Rxd1+ 22. Rxd1 Rd8 23. Bxc6 bxc6 24. Rxd8+ Qxd8 25. Qh7 Qh8 26. Qe4 Qe8
27. Qb4+ Kc8 28. Na5 Qd7 29. Qc5 Kc7 30. Qxa7+ Kd6 31. Nc4+ Ke6 32. Qxd7+ Kxd7
33. g4 Ke6 34. Ne3 e4 35. Nf5 Bf8 36. Kd2 exf3 37. gxf3 Ke5 38. a4 h5 39. a5 h4
40. Ke2 Bc5 41. b4 Ba7 42. Nd4 Kd5 43. a6 Kd6 44. Nf5+ Ke6 45. f4 f6 46. fxg5
fxg5 47. Kf3 Kd5 48. Ne7+ Kd6 49. Nc8+ Kd5 50. Nxa7 Kc4 51. Nxc6 Kb3 52. a7 1-0

[Event "Offene Bochumer StEM 2013"]
[Site "?"]
[Date "2013.05.16"]
[Round "3.10"]
[White "Parado, Dominador"]
[Black "Kümmel, Hans-Jürgen"]
[Result "1-0"]
[WhiteElo "1880"]
[BlackElo "1343"]
[PlyCount "63"]
[EventDate "2013.??.??"]
[WhiteTeam "vereinslos"]
[BlackTeam "SG Höntrop"]

1. d4 d5 2. c4 c6 3. Nc3 Nf6 4. Nf3 e6 5. e3 Nbd7 6. Qc2 a6 7. Bd2 Bb4 8. Bd3
Qe7 9. cxd5 exd5 10. a3 Bd6 11. h3 c5 12. Kf1 b5 13. e4 dxe4 14. Nxe4 O-O 15.
Nxd6 Qxd6 16. dxc5 Nxc5 17. Be2 Re8 18. Bb4 Nfe4 19. Rc1 Bb7 20. Bxc5 Nxc5 21.
Qxc5 Qe6 22. Re1 Rac8 23. Qh5 Bxf3 24. Qxf3 Rc2 25. h4 Rxb2 26. Rh3 a5 27. Qd3
a4 28. Re3 Qc8 29. Rxe8+ Qxe8 30. Bh5 Qb8 31. Qd7 g6 32. Re8+ 1-0

[Event "Offene Bochumer StEM 2013"]
[Site "?"]
[Date "2013.05.16"]
[Round "3.12"]
[White "Kempken, Reinhold"]
[Black "Plückelmann, Thomas"]
[Result "1-0"]
[WhiteElo "1550"]
[BlackElo "1677"]
[PlyCount "75"]
[EventDate "2013.??.??"]
[WhiteTeam "vereinslos"]
[BlackTeam "SG Duisburg-Nord"]

1. e4 e6 2. d4 d5 3. Nc3 Bb4 4. e5 c5 5. a3 Bxc3+ 6. bxc3 Nc6 7. Qg4 g6 8. Bb5
Nge7 9. Bxc6+ Nxc6 10. Ne2 Qa5 11. O-O Qa4 12. Qg5 Qxc2 13. Qf6 Rg8 14. Ng3
Qxc3 15. Bg5 Qxd4 16. Rfe1 c4 17. Rad1 Qb6 18. Re3 Qc7 19. Rde1 Qe7 20. Qf4 Qc7
21. Bf6 h5 22. Rc1 b5 23. Ne2 Ne7 24. Nd4 a6 25. Qh6 Nf5 26. Nxf5 exf5 27. Qh7
Rf8 28. e6 Bxe6 29. Rxe6+ Kd7 30. Re7+ Kd6 31. Rxc7 Kxc7 32. Be5+ Kc6 33. Qg7
Rae8 34. f4 Kc5 35. Bd4+ Kd6 36. Kf2 a5 37. Re1 Rxe1 38. Qxf8+ 1-0

[Event "Offene Bochumer StEM 2013"]
[Site "?"]
[Date "2013.05.16"]
[Round "3.13"]
[White "Skara, Milenko"]
[Black "Ebert, Ingo"]
[Result "1-0"]
[WhiteElo "1760"]
[BlackElo "1163"]
[PlyCount "43"]
[EventDate "2013.??.??"]
[WhiteTeam "SG Höntrop"]
[BlackTeam "SG Bochum 31"]

1. e4 e5 2. Nf3 Nc6 3. Bb5 Nf6 4. O-O Bd6 5. Re1 O-O 6. Nc3 a6 7. Ba4 b5 8. Bb3
h6 9. d3 Rb8 10. Nh4 Kh7 11. Nf5 Bb4 12. Qf3 d6 13. Qg3 Bxf5 14. exf5 Nd4 15.
Qh3 Nxb3 16. axb3 Qe7 17. g4 Kg8 18. g5 hxg5 19. Bxg5 Qd7 20. Bxf6 gxf6 21.
Qg4+ Kh8 22. Re3 1-0

[Event "Offene Bochumer StEM 2013"]
[Site "?"]
[Date "2013.05.23"]
[Round "4.1"]
[White "Jellinghaus, Lars"]
[Black "Schriewer, Thomas"]
[Result "0-1"]
[WhiteElo "2024"]
[BlackElo "1988"]
[PlyCount "108"]
[EventDate "2013.??.??"]
[WhiteTeam "SV Linden"]
[BlackTeam "SK Herne-Sodingen"]

1. d4 d5 2. c4 c6 3. Nf3 Nf6 4. Nc3 e6 5. cxd5 exd5 6. Bg5 Be7 7. Qc2 g6 8. e4
dxe4 9. Bxf6 Bxf6 10. Qxe4+ Qe7 11. Bc4 Bf5 12. Qxe7+ Bxe7 13. O-O O-O 14. Rfe1
Bf6 15. h3 h5 16. Ne5 h4 17. Ne4 Bxe4 18. Rxe4 Kg7 19. Rd1 a5 20. a4 Ra7 21.
Rd3 b5 22. Bb3 Rb7 23. Rd2 bxa4 24. Bxa4 Rb4 25. b3 c5 26. Nc4 cxd4 27. Nxa5
Rc8 28. f3 Rc5 29. Nc4 Rcxc4 30. bxc4 Rxa4 31. Rc2 Nc6 32. c5 Rb4 33. Kf1 g5
34. Ke2 Rb3 35. Kd2 Bd8 36. Re8 Ba5+ 37. Kd1 Rb1+ 38. Rc1 Rb2 39. Rc2 Rb1+ 40.
Rc1 Rb2 41. Re2 Rb3 42. Ra2 Rd3+ 43. Ke2 Re3+ 44. Kf2 Bc3 45. Re2 Rxe2+ 46.
Kxe2 Nb4 47. Rf1 Kg6 48. f4 f5 49. fxg5 Kxg5 50. Rf3 f4 51. Rf1 Kf5 52. Kf3 d3
53. Rd1 Bd4 54. Rc1 Nc6 0-1

[Event "Offene Bochumer StEM 2013"]
[Site "?"]
[Date "2013.05.23"]
[Round "4.2"]
[White "Bartel, Mario"]
[Black "Quast, Marcel"]
[Result "1/2-1/2"]
[WhiteElo "2010"]
[BlackElo "2138"]
[PlyCount "112"]
[EventDate "2013.??.??"]

1. e4 Nf6 2. e5 Nd5 3. d4 d6 4. c4 Nb6 5. exd6 exd6 6. Nc3 Be7 7. Nf3 Bf5 8.
Be3 O-O 9. Be2 Bf6 10. Rc1 Nc6 11. O-O d5 12. c5 Nc8 13. Qb3 N8e7 14. Rfd1 Be6
15. Rd2 b6 16. cxb6 axb6 17. Qd1 Na5 18. b3 c6 19. Na4 Nb7 20. Bd3 h6 21. Bb1
b5 22. Nb2 Qd7 23. Nd3 Ng6 24. Qc2 Bf5 25. Qxc6 Qxc6 26. Rxc6 Rfc8 27. Rxc8+
Rxc8 28. Rd1 Bg4 29. Nde1 Ne7 30. Bd3 b4 31. Ba6 Rc7 32. Bf4 Rd7 33. Rc1 Nd6
34. h3 Bf5 35. Bd3 Ne4 36. Ne5 Bxe5 37. Bxe5 Nc3 38. Rc2 Ra7 39. Bd6 Bxd3 40.
Nxd3 Nf5 41. Bxb4 Nxd4 42. Rxc3 Ne2+ 43. Kf1 Nxc3 44. Bxc3 Rxa2 45. Ke1 Kf8 46.
Nf4 g6 47. Nxd5 Ke8 48. b4 Kd7 49. Bd4 f5 50. Bg7 Ke6 51. Nc3 Rb2 52. b5 h5 53.
Bd4 f4 54. b6 Kd7 55. h4 Kc6 56. Ne2 Rb1+ {Restnotation fehlt} 1/2-1/2

[Event "Offene Bochumer StEM 2013"]
[Site "?"]
[Date "2013.05.23"]
[Round "4.3"]
[White "Sondermann, Dirk"]
[Black "Werner, Michael"]
[Result "1/2-1/2"]
[WhiteElo "1829"]
[BlackElo "2035"]
[PlyCount "95"]
[EventDate "2013.??.??"]
[WhiteTeam "SU Annen"]
[BlackTeam "Düsseldorfer SK"]

1. d4 Nf6 2. c4 g6 3. Nc3 Bg7 4. e4 d6 5. f3 O-O 6. Be3 Nc6 7. Nge2 a6 8. Qd2
Rb8 9. Nc1 e5 10. d5 Nd4 11. Nb3 Nxb3 12. axb3 c5 13. b4 cxb4 14. Na4 b5 15.
cxb5 axb5 16. Qxb4 Bd7 17. Nc3 Ne8 18. h4 f5 19. exf5 gxf5 20. h5 Rf7 21. Be2
Bf6 22. h6 Bg5 23. Bf2 Qf6 24. f4 Bxf4 25. Bh5 Re7 26. Ra6 e4 27. Ne2 e3 28.
Bh4 Bg5 29. Bxg5 Qxg5 30. Bxe8 Rbxe8 31. Qxd6 Rf7 32. Qf4 Qxf4 33. Nxf4 b4 34.
Rb6 Rc8 35. Ke2 Re7 36. Ne6 f4 37. Nxf4 Rc2+ 38. Kf3 Rxb2 39. Ne6 Rf2+ 40. Kxe3
Rxg2 41. Rxb4 Bxe6 42. dxe6 Rxe6+ 43. Kf3 Rgg6 44. Rg4 Kf7 45. Rf4+ Ke7 46. Re4
Rxe4 47. Kxe4 Kf6 48. Kf4 1/2-1/2

[Event "Offene Bochumer StEM 2013"]
[Site "?"]
[Date "2013.05.23"]
[Round "4.4"]
[White "Winterkamp, Sascha"]
[Black "Jedner, Volker"]
[Result "1-0"]
[WhiteElo "1942"]
[BlackElo "1809"]
[PlyCount "37"]
[EventDate "2013.??.??"]
[WhiteTeam "SG Höntrop"]
[BlackTeam "SG Höntrop"]

1. d4 d5 2. Nf3 Nf6 3. c4 dxc4 4. Nc3 e6 5. e4 Bb4 6. Bg5 h6 7. Bxf6 Qxf6 8.
Bxc4 O-O 9. O-O Nd7 10. a3 Bxc3 11. bxc3 e5 12. Ba2 b6 13. Qa4 Qe7 14. Bd5 b5
15. Qa5 Rb8 16. Qxc7 exd4 17. cxd4 a6 18. Ne5 Rd8 19. Nc6 1-0

[Event "Offene Bochumer StEM 2013"]
[Site "?"]
[Date "2013.05.23"]
[Round "4.5"]
[White "Berens, Thomas"]
[Black "Schmidt, Ralph"]
[Result "1-0"]
[WhiteElo "1901"]
[BlackElo "1918"]
[PlyCount "53"]
[EventDate "2013.??.??"]
[WhiteTeam "SC Gerthe-Werne"]
[BlackTeam "SV Linden"]

1. d4 d5 2. c4 c6 3. Nf3 Nf6 4. Nc3 Bg4 5. Ne5 Be6 6. cxd5 Nxd5 7. e4 Nb6 8.
Be2 g6 9. O-O Bg7 10. f4 O-O 11. Be3 Qc7 12. Rc1 Bxe5 13. fxe5 Bc4 14. Bxc4
Nxc4 15. Bh6 Nd7 16. b3 Ndxe5 17. bxc4 Rfd8 18. Bf4 f6 19. Bxe5 fxe5 20. d5 e6
21. Qg4 exd5 22. exd5 Rac8 23. Qe6+ Kg7 24. c5 Rf8 25. d6 Qa5 26. Qxe5+ Kg8 27.
Ne4 1-0

[Event "Offene Bochumer StEM 2013"]
[Site "?"]
[Date "2013.05.23"]
[Round "4.6"]
[White "Domnik, Roland"]
[Black "Boost, Jürgen"]
[Result "1/2-1/2"]
[WhiteElo "1715"]
[BlackElo "1824"]
[PlyCount "34"]
[EventDate "2013.??.??"]
[WhiteTeam "TuS Witten-Stockum"]
[BlackTeam "SC Gerthe-Werne"]

1. d4 d5 2. c4 e6 3. Nc3 Nf6 4. Nf3 Be7 5. e3 O-O 6. Bd3 c5 7. O-O Nc6 8. dxc5
Bxc5 9. a3 dxc4 10. Bxc4 a6 11. b4 Qxd1 12. Rxd1 Be7 13. Bb2 b5 14. Bd3 Rd8 15.
Rac1 Bb7 16. Ne2 Rac8 17. Nf4 h6 1/2-1/2

[Event "Offene Bochumer StEM 2013"]
[Site "?"]
[Date "2013.05.23"]
[Round "4.8"]
[White "Schumann, Burkhard"]
[Black "Kempken, Reinhold"]
[Result "1-0"]
[WhiteElo "1677"]
[BlackElo "1550"]
[PlyCount "69"]
[EventDate "2013.??.??"]
[WhiteTeam "SC Gerthe-Werne"]
[BlackTeam "vereinslos"]

1. e4 e5 2. d4 exd4 3. c3 dxc3 4. Nxc3 c6 5. Bc4 b5 6. Nxb5 cxb5 7. Bxf7+ Kxf7
8. Qd5+ Ke8 9. Qxa8 Nc6 10. Nf3 Bb4+ 11. Ke2 Nf6 12. e5 Nd5 13. Bg5 Qc7 14. Be3
Nxe3 15. fxe3 Ke7 16. Rhc1 Qb7 17. Qxb7 Bxb7 18. Rd1 Ba5 19. a3 Bc7 20. Rac1
Rc8 21. Rc5 Na5 22. Nd4 Nc4 23. Nf5+ Kf8 24. Rxd7 Nxe5 25. Rdxc7 Rxc7 26. Rxc7
Bxg2 27. Nd4 a6 28. b3 g5 29. Ne6+ Kg8 30. Nxg5 h6 31. Ne6 Bf3+ 32. Kf2 Bd5 33.
Nd4 Nd3+ 34. Ke2 Ne5 35. Rc5 1-0

[Event "Offene Bochumer StEM 2013"]
[Site "?"]
[Date "2013.05.23"]
[Round "4.9"]
[White "Tuscher, Albin"]
[Black "Funke, Eckhard"]
[Result "0-1"]
[WhiteElo "1634"]
[BlackElo "1890"]
[PlyCount "56"]
[EventDate "2013.??.??"]
[WhiteTeam "SC Gerthe-Werne"]
[BlackTeam "SG Höntrop"]

1. e4 c5 2. Nf3 d6 3. d4 cxd4 4. Nxd4 Nf6 5. Nc3 a6 6. Be2 e5 7. Nb3 Be6 8. O-O
Be7 9. Be3 O-O 10. Qd2 Nbd7 11. Rad1 b5 12. a3 Nb6 13. f3 Qc7 14. Qe1 d5 15.
exd5 Nbxd5 16. Bd2 Nxc3 17. Bxc3 Nd5 18. Rd3 Qa7+ 19. Qf2 Nf4 20. Bxe5 Nxe2+
21. Kh1 Qxf2 22. Rxf2 Bc4 23. Rxe2 Bxd3 24. cxd3 Rfe8 25. Bc3 Bf6 26. Rxe8+
Rxe8 27. Kg1 Bxc3 28. bxc3 Rc8 0-1

[Event "Offene Bochumer StEM 2013"]
[Site "?"]
[Date "2013.05.23"]
[Round "4.10"]
[White "Sikorski, Thomas"]
[Black "Skara, Milenko"]
[Result "1/2-1/2"]
[WhiteElo "1629"]
[BlackElo "1760"]
[PlyCount "113"]
[EventDate "2013.??.??"]
[WhiteTeam "SK Herne-Sodingen"]
[BlackTeam "SG Höntrop"]

1. c4 e6 2. Nf3 d5 3. d4 Nf6 4. Nc3 Be7 5. e3 O-O 6. Bd3 dxc4 7. Bxc4 b6 8. O-O
Bb7 9. Re1 Ne4 10. Qc2 Nxc3 11. bxc3 Nd7 12. e4 c5 13. Be3 Nf6 14. e5 Nd5 15.
Bd3 h6 16. Rad1 Rc8 17. dxc5 Qc7 18. cxb6 axb6 19. Rc1 Nxe3 20. Rxe3 Bxf3 21.
Rxf3 Qxe5 22. Re3 Qc5 23. Rce1 Bf6 24. c4 Rfd8 25. Qe2 Rd6 26. Qf3 Bd4 27. R3e2
Rcd8 28. h3 Qc6 29. Qe4 Qxe4 30. Bxe4 Bc5 31. Bf3 Rd4 32. Rc2 Kf8 33. Kf1 Ke7
34. Re4 f5 35. Rxd4 Rxd4 36. Ke2 g5 37. Bb7 Rf4 38. f3 h5 39. g3 Rd4 40. Ba6 g4
41. hxg4 hxg4 42. Bb7 Rd7 43. Bc6 Rc7 44. Ba8 Rc8 45. Bb7 Rh8 46. Kf1 Rh1+ 47.
Kg2 Rg1+ 48. Kh2 gxf3 49. Bxf3 e5 50. Bd5 e4 51. Rg2 Rxg2+ 52. Kxg2 Kd6 53. Ba8
Ke5 54. Kf1 Kd4 55. Bc6 Kxc4 56. Bd7 Bd6 57. Bxf5 1/2-1/2

[Event "Offene Bochumer StEM 2013"]
[Site "?"]
[Date "2013.05.23"]
[Round "4.11"]
[White "Stein, Daniel"]
[Black "Hofer, Stefan"]
[Result "1/2-1/2"]
[WhiteElo "1600"]
[BlackElo "1677"]
[PlyCount "31"]
[EventDate "2013.??.??"]
[WhiteTeam "SC Ruhr-Uni Bochum"]
[BlackTeam "SC Ruhr-Uni Bochum"]

1. d4 g6 2. c4 Bg7 3. Nc3 Nf6 4. e4 d6 5. Be2 O-O 6. Bg5 Nbd7 7. Qd2 c5 8. d5
Qa5 9. Nf3 Re8 10. O-O Ng4 11. Nb5 Qb6 12. Rab1 a6 13. Nc3 Qa5 14. Ne1 Nb6 15.
Nc2 h6 16. Bf4 1/2-1/2

[Event "Offene Bochumer StEM 2013"]
[Site "?"]
[Date "2013.05.23"]
[Round "4.12"]
[White "Kümmel, Hans-Jürgen"]
[Black "Schüler, Bernd"]
[Result "0-1"]
[WhiteElo "1343"]
[BlackElo "1462"]
[PlyCount "102"]
[EventDate "2013.??.??"]
[WhiteTeam "SG Höntrop"]
[BlackTeam "SC Gerthe-Werne"]

1. Nf3 Nf6 2. d4 d5 3. c4 e6 4. Nc3 dxc4 5. Qa4+ Qd7 6. Qxc4 Be7 7. Ne5 Qd8 8.
Bf4 c6 9. Qb3 Qxd4 10. e3 Qb6 11. Qc2 O-O 12. Be2 Nd5 13. Nxd5 exd5 14. O-O f5
15. h3 Bf6 16. Nf3 Qxb2 17. Qd3 Qxa1 18. Rxa1 Bxa1 19. Nd4 Bxd4 20. Qxd4 Nd7
21. Bd6 Rf7 22. Bd3 Nf6 23. Qe5 Bd7 24. Qf4 Ne4 25. f3 Nxd6 26. Qxd6 Re8 27.
Qf4 g6 28. Qh6 Rfe7 29. e4 fxe4 30. fxe4 dxe4 31. Be2 Be6 32. Qd2 Bd5 33. a3 a6
34. Qf4 Rf7 35. Qe3 Ref8 36. Bg4 Rf1+ 37. Kh2 R1f2 38. Kg1 Rb2 39. Be2 Rb3 40.
Qc5 Rb2 41. Qe3 Rb1+ 42. Kh2 Rb3 43. Qc5 Rb2 44. Qe3 Re8 45. h4 Bf7 46. h5 gxh5
47. Bxh5 Bxh5 48. Qg5+ Bg6 49. Qf6 Rb5 50. Kg3 Rb3+ 51. Kf4 Rf8 0-1

[Event "Offene Bochumer StEM 2013"]
[Site "?"]
[Date "2013.06.06"]
[Round "5.1"]
[White "Schriewer, Thomas"]
[Black "Winterkamp, Sascha"]
[Result "1/2-1/2"]
[WhiteElo "1988"]
[BlackElo "1942"]
[PlyCount "59"]
[EventDate "2013.??.??"]
[WhiteTeam "SK Herne-Sodingen"]
[BlackTeam "SG Höntrop"]

1. d4 Nf6 2. c4 c5 3. d5 e6 4. Nc3 exd5 5. cxd5 Bd6 6. Nf3 O-O 7. Bg5 Re8 8. e3
a6 9. a4 Bc7 10. Bd3 d6 11. Qc2 h6 12. Bxf6 Qxf6 13. O-O Ba5 14. Ne4 Qe7 15.
Ng3 Nd7 16. Rad1 Ne5 17. Nxe5 Qxe5 18. e4 Bg4 19. f3 Bd7 20. Kh1 b5 21. f4 Qe7
22. e5 c4 23. Bh7+ Kh8 24. e6 fxe6 25. dxe6 Bxe6 26. f5 Bg8 27. Bg6 Rf8 28. Nh5
Rf6 29. Nxf6 Qxf6 30. Rf4 1/2-1/2

[Event "Offene Bochumer StEM 2013"]
[Site "?"]
[Date "2013.06.06"]
[Round "5.2"]
[White "Quast, Marcel"]
[Black "Berens, Thomas"]
[Result "1/2-1/2"]
[WhiteElo "2122"]
[BlackElo "1901"]
[PlyCount "58"]
[EventDate "2013.??.??"]
[WhiteTeam "SC Gerthe-Werne"]
[BlackTeam "SC Gerthe-Werne"]

1. e4 c5 2. d4 cxd4 3. c3 Nf6 4. e5 Nd5 5. Nf3 Nc6 6. cxd4 d6 7. Bc4 e6 8. O-O
Nb6 9. Bd3 Nb4 10. Nc3 Nxd3 11. Qxd3 Be7 12. b3 dxe5 13. Nxe5 O-O 14. Rd1 Nd5
15. Bb2 Nxc3 16. Qxc3 Qd5 17. Rac1 b6 18. Nc6 Bd6 19. Qc4 Qh5 20. h3 Bb7 21. d5
Rfc8 22. Qd4 Qg5 23. h4 Qg6 24. Rc3 f6 25. Qe3 e5 26. Rdc1 Qf7 27. Qe4 a5 28.
a3 Qf8 29. Qf5 Rc7 1/2-1/2

[Event "Offene Bochumer StEM 2013"]
[Site "?"]
[Date "2013.06.06"]
[Round "5.3"]
[White "Sondermann, Dirk"]
[Black "Bartel, Mario"]
[Result "1-0"]
[WhiteElo "1829"]
[BlackElo "2035"]
[PlyCount "69"]
[EventDate "2013.??.??"]
[WhiteTeam "SU Annen"]
[BlackTeam "SV Wattenscheid"]

1. d4 Nf6 2. c4 g6 3. Nc3 Bg7 4. e4 O-O 5. f3 d6 6. Be3 Nbd7 7. Nge2 c6 8. Qd2
Re8 9. g4 e5 10. d5 Nb6 11. Ng3 cxd5 12. cxd5 Nfd7 13. Rc1 a6 14. h4 Nf8 15. h5
Bd7 16. hxg6 fxg6 17. Bd3 Rc8 18. b3 Na8 19. g5 Rc7 20. O-O Bc8 21. Na4 Rf7 22.
Rf2 Nd7 23. Bf1 Bf8 24. Bh3 b5 25. Nb2 Ndb6 26. Bxc8 Nxc8 27. Nd3 Qd7 28. Kg2
Qb7 29. Rff1 Be7 30. Nf2 Bf8 31. Ng4 Bg7 32. Rc2 Ncb6 33. Rc6 Rd8 34. Qa5 Nc8
35. Qxd8+ 1-0

[Event "Offene Bochumer StEM 2013"]
[Site "?"]
[Date "2013.06.06"]
[Round "5.4"]
[White "Werner, Michael"]
[Black "Schumann, Burkhard"]
[Result "1-0"]
[WhiteElo "2035"]
[BlackElo "1677"]
[PlyCount "63"]
[EventDate "2013.??.??"]
[WhiteTeam "Düsseldorfer SK"]
[BlackTeam "SC Gerthe-Werne"]

1. Nf3 d5 2. d4 e6 3. c4 Nf6 4. Nc3 c6 5. Bg5 Nbd7 6. e3 Qa5 7. Nd2 Bb4 8. Qc2
O-O 9. Be2 dxc4 10. Bxf6 Nxf6 11. Nxc4 Qc7 12. O-O Rd8 13. f4 Bf8 14. Rad1 Bd7
15. e4 g6 16. Kh1 b5 17. Ne3 Rac8 18. g4 b4 19. g5 Ne8 20. Nb1 Ng7 21. Ng4 Ne8
22. Nf6+ Nxf6 23. gxf6 c5 24. f5 Qb7 25. d5 exd5 26. exd5 Bb5 27. Bxb5 Qxb5 28.
Rg1 c4 29. fxg6 fxg6 30. Rxg6+ Kh8 31. Rg5 Bc5 32. Rg7 1-0

[Event "Offene Bochumer StEM 2013"]
[Site "?"]
[Date "2013.06.06"]
[Round "5.5"]
[White "Boost, Jürgen"]
[Black "Jellinghaus, Lars"]
[Result "0-1"]
[WhiteElo "1824"]
[BlackElo "2024"]
[PlyCount "48"]
[EventDate "2013.??.??"]
[WhiteTeam "SC Gerthe-Werne"]
[BlackTeam "SV Linden"]

1. e4 e6 2. d4 d5 3. Nc3 Bb4 4. e5 Qd7 5. a3 Bxc3+ 6. bxc3 b6 7. Nf3 Ne7 8. a4
Ba6 9. Bxa6 Nxa6 10. Qe2 Nb8 11. O-O Nbc6 12. Be3 Na5 13. Nd2 Qc6 14. Qb5 f6
15. f4 O-O-O 16. Qb4 Rd7 17. Kh1 h5 18. Rfc1 h4 19. Nb3 Nc4 20. Bf2 a5 21. Qb5
Qb7 22. Rcb1 c6 23. Nxa5 bxa5 24. Qc5 Qa7 0-1

[Event "Offene Bochumer StEM 2013"]
[Site "?"]
[Date "2013.06.06"]
[Round "5.6"]
[White "Domnik, Roland"]
[Black "Klinke, Werner"]
[Result "1/2-1/2"]
[WhiteElo "1715"]
[BlackElo "1859"]
[PlyCount "56"]
[EventDate "2013.??.??"]
[WhiteTeam "TuS Witten-Stockum"]
[BlackTeam "SV Eichlinghofen"]

1. d4 d5 2. c4 Nf6 3. Nc3 e6 4. Bg5 h6 5. Bh4 c6 6. e3 Bb4 7. Rc1 Nbd7 8. cxd5
exd5 9. Bd3 O-O 10. Nge2 Qa5 11. O-O Bd6 12. Bg3 Ne8 13. a3 Ndf6 14. Nf4 Qd8
15. h3 Nc7 16. Bb1 Ne6 17. Nh5 Ng5 18. Nxf6+ Qxf6 19. Bxd6 Qxd6 20. Ne2 Bd7 21.
Ng3 g6 22. f4 Nh7 23. Qd3 f5 24. Rf3 Rae8 25. Qb3 Bc8 26. Ne2 Nf6 27. Rcf1 Rf7
28. Ng3 Kg7 1/2-1/2

[Event "Offene Bochumer StEM 2013"]
[Site "?"]
[Date "2013.06.06"]
[Round "5.7"]
[White "Schmidt, Ralph"]
[Black "Funke, Eckhard"]
[Result "1-0"]
[WhiteElo "1918"]
[BlackElo "1890"]
[PlyCount "75"]
[EventDate "2013.??.??"]
[WhiteTeam "SV Linden"]
[BlackTeam "SG Höntrop"]

1. e4 c5 2. Nc3 Nc6 3. d3 d6 4. Be3 Nf6 5. Be2 e6 6. f4 Be7 7. Nf3 d5 8. exd5
Nxd5 9. Nxd5 Qxd5 10. O-O Bf6 11. c3 O-O 12. Qc2 Ne7 13. Nd2 Nf5 14. Bf2 Nh4
15. Ne4 Be7 16. g3 f5 17. gxh4 fxe4 18. dxe4 Qd8 19. Rad1 Qe8 20. Bg3 b5 21. h5
c4 22. Bf3 Bb7 23. Qg2 Rd8 24. Kh1 Qf7 25. Qh3 Rxd1 26. Rxd1 Rd8 27. Rxd8+ Bxd8
28. Kg1 Bb6+ 29. Bf2 Bxf2+ 30. Kxf2 Qd7 31. Qg4 Qd2+ 32. Be2 Qd7 33. Ke3 Bc8
34. h6 g6 35. Qg5 Kf7 36. Qe5 Kg8 37. b3 cxb3 38. Bxb5 1-0

[Event "Offene Bochumer StEM 2013"]
[Site "?"]
[Date "2013.06.06"]
[Round "5.8"]
[White "Jedner, Volker"]
[Black "Skara, Milenko"]
[Result "1-0"]
[WhiteElo "1809"]
[BlackElo "1760"]
[PlyCount "59"]
[EventDate "2013.??.??"]
[WhiteTeam "SG Höntrop"]
[BlackTeam "SG Höntrop"]

1. d4 d5 2. Nf3 Nf6 3. Bg5 e6 4. e3 Be7 5. c4 O-O 6. Nc3 h6 7. Bh4 b6 8. Rc1
Re8 9. Qc2 dxc4 10. Bxc4 Bb7 11. Be2 Nbd7 12. O-O c5 13. dxc5 Nxc5 14. Rfd1 Qc8
15. Nb5 Be4 16. Qc4 Bd5 17. Qf4 g5 18. Bxg5 hxg5 19. Qxg5+ Kh8 20. Ne5 Rf8 21.
Nd6 Bxd6 22. Qxf6+ Kg8 23. Qg5+ Kh8 24. b4 Qb8 25. Qh6+ Kg8 26. Ng4 Ne4 27. f3
f5 28. fxe4 Bxe4 29. Qxe6+ Kg7 30. Rxd6 1-0